Theranjedutha police kathakal/ (Record no. 46855)

000 -LEADER
fixed length control field 00421nam a22001691a 4500
020 ## - INTERNATIONAL STANDARD BOOK NUMBER
ISBN 9788124006221
082 ## - DEWEY DECIMAL CLASSIFICATION NUMBER
Classification number M301
Item number RAM/T
100 ## - MAIN ENTRY--AUTHOR NAME
Personal name Ramesan Nair K
245 ## - TITLE STATEMENT
Title Theranjedutha police kathakal/
Statement of responsibility, etc by Ramesan Nair K
260 ## - PUBLICATION, DISTRIBUTION, ETC. (IMPRINT)
Name of publisher Ramesan Nair K
Year of publication 1998
Place of publication
300 ## - PHYSICAL DESCRIPTION
Number of Pages 300p.
500 ## - GENERAL NOTE
General note Ramesan Nair S
650 ## - SUBJECT ADDED ENTRY--TOPICAL TERM
Topical Term Stories Malayalam
650 ## - SUBJECT ADDED ENTRY--TOPICAL TERM
Topical Term Literature Malayalam
650 ## - SUBJECT ADDED ENTRY--TOPICAL TERM
Topical Term Literature
942 ## - ADDED ENTRY ELEMENTS (KOHA)
Koha item type Book
Holdings
Withdrawn status Lost status Damaged status Not for loan Permanent Location Current Location Date acquired Cost, normal purchase price Full call number Accession Number Cost, replacement price Price effective from Koha item type
        Sree Sankaracharya University of Sanskrit Sree Sankaracharya University of Sanskrit 08.01.2015 90.00 M301 RAM/T 016316 0.00 08.01.2015 Book